| 000 | 00593aam a2200253 4500 | ||
|---|---|---|---|
| 005 | 20241129104238.0 | ||
| 008 | 150428b2012 SP ||||| |||| 00| 0 spa d | ||
| 020 | _a9788480865784 | ||
| 041 | _aESP | ||
| 082 | _a611 S677a2 | ||
| 100 | _aSobotta, Johannes | ||
| 245 | _aTablas de músculos, articulaciones y nervios | ||
| 250 | _a2 edición | ||
| 260 | _aEspaña | ||
| 260 | _bElsevier | ||
| 260 | _c2010 | ||
| 300 | _a76 páginas | ||
| 650 | _aANATOMÍA HUMANA | ||
| 650 | _aMÚSCULOS | ||
| 650 | _aARTICULACIONES | ||
| 650 | _aNERVIOS | ||
| 942 |
_cBK _2ddc |
||
| 999 |
_c3229 _d3229 |
||